书目信息 |
| 题名: |
唐集叙录
|
|
| 作者: | 万曼 著 | |
| 分册: | ||
| 出版信息: | 开封 河南大学出版社 2008.04 |
|
| 页数: | 510页 | |
| 开本: | 20cm | |
| 丛书名: | ||
| 单 册: | ||
| 中图分类: | Z88:I2 | |
| 科图分类: | ||
| 主题词: | 专题目录 , 专科目录 | |
| 电子资源: | ||
| ISBN: | 7-81091-754-4 | |
| 000 | 00552nam0 2200205 450 | |
| 001 | 1558806018 | |
| 005 | 20150422162141.72 | |
| 010 | @a7-81091-754-4@dCNY40.00 | |
| 100 | @a20150422d2008 km y0chiy0120 ea | |
| 101 | 0 | @achi |
| 102 | @aCN | |
| 200 | 1 | @a唐集叙录@Atang ji xu lu@f万曼著@Fwan man zhu |
| 210 | @a开封@c河南大学出版社@d2008.04 | |
| 215 | @a510页@d20cm | |
| 606 | 0 | @a专题目录 |
| 606 | 0 | @a专科目录 |
| 690 | @aZ88:I2@v4 | |
| 701 | 0 | @a万曼@Awan man@4著 |
| 801 | 0 | @aCN@b大连网信软件有限公司图书馆·11@c20150422 |
| 905 | @aZUCC@dZ88:I2@eW039 | |
| 唐集叙录/万曼著.-开封:河南大学出版社,2008.04 |
| 510页;20cm |
| ISBN 7-81091-754-4:CNY40.00 |
| ● |
| 相关链接 |
|
|
|
正题名:唐集叙录
索取号:Z88:I2/W039
 
预约/预借
| 序号 | 登录号 | 条形码 | 馆藏地/架位号 | 状态 | 备注 |
| 1 | 496270 | 204962709 | 自科二线400A/400A自科库 28排2列2层/ [索取号:Z88:I2/W039] | 在馆 | |
| 2 | 496271 | 204962718 | 期刊室512/501自科库 132排2列2层/ [索取号:Z88:I2/W039] | 在馆 | |
| 3 | 496272 | 204962727 | 自科库501/501自科库 132排2列2层/ [索取号:Z88:I2/W039] | 在馆 | |
| 4 | 496273 | 204962736 | 自科二线400A/400A自科库 28排1列3层/ [索取号:Z88:I2/W039] | 在馆 | |
| 5 | 496274 | 204962745 | 自科二线400A/400A自科库 28排2列2层/ [索取号:Z88:I2/W039] | 在馆 | |
| 6 | 496275 | 204962754 | 自科二线400A/400A自科库 28排2列2层/ [索取号:Z88:I2/W039] | 在馆 | |
| 7 | 496276 | 204962763 | 自科二线400A/201建筑库 68排7列2层/ [索取号:Z88:I2/W039] | 在馆 | |
| 8 | 496277 | 204962772 | 自科二线400A/400A自科库 28排1列3层/ [索取号:Z88:I2/W039] | 在馆 | |
| 9 | 496278 | 204962781 | 自科二线400A/400A自科库 28排2列2层/ [索取号:Z88:I2/W039] | 在馆 | |
| 10 | 496279 | 204962790 | 自科二线400A/400A自科库 28排2列2层/ [索取号:Z88:I2/W039] | 在馆 |